Shakespeare's poems: (Record no. 16)
[ view plain ]
| 000 -LEADER | |
|---|---|
| fixed length control field | 00938cam a22002291 4500 |
| 005 - DATE AND TIME OF LATEST TRANSACTION | |
| control field | 20260322212003.0 |
| 008 - FIXED-LENGTH DATA ELEMENTS--GENERAL INFORMATION | |
| fixed length control field | data |
| 010 ## - LIBRARY OF CONGRESS CONTROL NUMBER | |
| LC control number | 64020934 |
| 040 ## - CATALOGING SOURCE | |
| Original cataloging agency | DLC |
| Transcribing agency | KWiU |
| Modifying agency | DLC |
| -- | OYU |
| -- | OHirC |
| -- | DLC |
| 042 ## - AUTHENTICATION CODE | |
| Authentication code | premarc |
| 050 00 - LIBRARY OF CONGRESS CALL NUMBER | |
| Classification number | PR2750 |
| Item number | .B41 1964 |
| 082 ## - DEWEY DECIMAL CLASSIFICATION NUMBER | |
| Classification number | 821.3 |
| 092 ## - LOCALLY ASSIGNED DEWEY CALL NUMBER (OCLC) | |
| Classification number | 822.3 Y1 1964 |
| 001 - CONTROL NUMBER | |
| control field | data |
| 100 1# - MAIN ENTRY--PERSONAL NAME | |
| Personal name | Shakespeare, William, |
| Dates associated with a name | 1564-1616. |
| 245 10 - TITLE STATEMENT | |
| Title | Shakespeare's poems: |
| Remainder of title | a facsimile of the earliest editions. |
| Statement of responsibility, etc. | William Shakespeare. |
| 260 ## - PUBLICATION, DISTRIBUTION, ETC. | |
| Place of publication, distribution, etc. | New Haven, |
| Name of publisher, distributor, etc. | Published for the Elizabethan Club [by] Yale University Press, |
| Date of publication, distribution, etc. | 1964. |
| 300 ## - PHYSICAL DESCRIPTION | |
| Extent | xx, 318 p. |
| Dimensions | 24 cm. |
| 440 #4 - SERIES STATEMENT/ADDED ENTRY--TITLE | |
| Title | The Elizabethan Club series, |
| Volume/sequential designation | 3 |
| 500 ## - GENERAL NOTE | |
| General note | Published in honor of the 410th anniversary of Shakespeare's birth. |
| 505 0# - FORMATTED CONTENTS NOTE | |
| Formatted contents note | Preface, by the Publications Committee of the Elizabethan Club.--Bibliography (p. xix-xx).--Venus and Adonis.--Lucrece.--The passionate pilgrim.--The phoenix and the turtle.--The sonnets.--A lover's complaint. |
| Withdrawn status | Lost status | Damaged status | Not for loan | Home library | Current library | Shelving location | Date acquired | Total checkouts | Full call number | Barcode | Date last seen | Price effective from | Koha item type |
|---|---|---|---|---|---|---|---|---|---|---|---|---|---|
| Franklin | Franklin | General stacks | 22/03/2026 | 821.3 | BC0010016 | 22/03/2026 | 22/03/2026 | Books |